000 01003nam a22002537i 4500
005 20260113093316.0
008 250906s2015 ua ||||gr|||| 00| 0 ara d
040 _aJO-AmGAM
_erda
043 _af ly
082 1 4 _a961.2062
_bح ت ي
100 1 _aحتيتة، عبد الستار
_eمؤلف.
245 1 0 _aحروب الميليشيات ليبيا ما بعد القذافي :
_bمستقبل الجماعات المتطرفة في أرض عمر المختار يوميات صحفي في قلب المعارك /
_cتأليف عبد الستار حتيتة.
250 _aالطبعة الأولى.
264 3 1 _aالقاهرة :
_bكنوز للنشر والتوزيع،
_c2015.
300 _a479 صفحة.
336 _2rdacontent
_aنص
_btxt
337 _2rdamedia
_aدون وسيط عرض
_bn
338 _2rdacarrier
_aمجلد
_bnc
650 1 7 _aالاحوال السياسية.
650 1 7 _aالحرب.
650 1 7 _aليبيا.
942 _2ddc
_cBK
999 _c247820
_d247820